Регионална библиотека "Любен Каравелов" - Русе

Социална психология (Запис номер 485058)

MARC детайли
000 -Лидер
Контролно поле с фиксирана дължина nam a22 a 4500
003 - Код на организацията, давaща контролен номер
Контролно поле BLK
005 - Дата и час на последна редакция
Контролно поле 20221208082916.0
008 - Елементи от данни с фиксирана дължина
fixed length control field 221208b bu |||||r|||| 00| | bu d
040 ## - Източник на каталожния запис
Идентификатор на билиотеката - собственик на записа BLK
041 ## - Код за език
Код за езика на текст/звукозапис или на отделно заглавие Български
Код за езика КДБФ Български
080 ## - УДК
Текстов определител УДК Социално поведение. Социална психология
УДК код - определител по УДК 316.6
УДК определител (075.4)
УДК - код + определител 316.6(075.4)
100 ## - Редна дума - Автор
R(LIN) 1299
Автор Дилигенски, Герман Г.
Авторска отговорност първи автор
139 ## - Редно поле
Редна дума Социална психология
245 ## - Сведения за заглавието
Заглавие Социална психология
Подзаглавни данни Кратък очерк : За системата на парт. просв.
Редно поле (дума) Г. Дилигенски и др. ; прев. от рус. Ненчо Цветков ; под общ. ред. на Г. Предвечни, Ю. Шерковин
260 ## - Област на издателските данни
9 (RLIN) 211414
Място на издаване, разпространение и проч. София
Име на издателя, разпространителя и проч. Партиздат
Година на издаване 1979
300 ## - Физическа характеристика
Страници 332 с.
Размери/Мащаб 20 см
380 ## - Жанр
Жанр Обществени науки
490 ## - СЕРИИ (Колекции)
9 (RLIN) 205231
Име на серия За системата на партийната просвета
500 ## - Общи забележки
Забележка Ориг. загл. Социальная психология<br/>Други авт. : И. Кон, И. Левикин, А. А. Леонтиев, В. Олшански, А. Петровски, К. Платонов, Г. Предвечни, Ю. Шерковин, отбелязани на с. 7<br/>7 110 тир<br/>Библиор. под линия
650 #0 - Допълнително описание по предмет – тема
9 (RLIN) 261745
Основно описание – тема или топоним Психология, социална
653 #7 - Ключова дума – ненормативна
9 (RLIN) 197012
Ключова дума социална психология
653 #7 - Ключова дума – ненормативна
9 (RLIN) 199108
Ключова дума учебници за курсове
700 ## - Други автори (авторска отговорност)
9 (RLIN) 376647
Лично име Цветков, Ненчо
Автороска отговорност (Описва отношението между автора и произведението) прев. от рус.
700 ## - Други автори (авторска отговорност)
9 (RLIN) 864
Лично име Предвечни, Г.
Автороска отговорност (Описва отношението между автора и произведението) под общ. ред. на
700 ## - Други автори (авторска отговорност)
9 (RLIN) 864
Лично име Шерковин, Юрий А.
Автороска отговорност (Описва отношението между автора и произведението) под общ. ред. на
852 ## - Местоположение
Форматна сигнатура Цб 100006
Фондова буква Хранилище
856 ## - Електронен адрес и достъп
Инструкция (цена за достъп) 0.00
Права за достъп disable
999 ## - СИСТЕМНИ КОНТРОЛНИ НОМЕРА
Koha biblionumber 485058
Koha biblioitemnumber 485058
942 ## - АРТИКУЛИ
Вид на библиотечния материал Книги
Скрит в OPAC Не
Периодичен библиозапис Да
944 ## - СЪЗДАВАНЕ И РЕДАКЦИЯ на ЗАПИСА
Създаване/Редакция Създаване
Дата на регистрацията/редакция 2022-12-08
Служител, извършил регистрацията/редакцията Микаела Микова-Илиева
Статус, дата на статуса 2022-12-08
Наличности
Код за отписване Код за изгубен артикул Източник на класификационната схема Код за повреда Коз за рестрикции Код за отдаване Артикулен № Име на библиотеката - собственик Име на библиотеката, в която се намира в момента Статус (Текущо местоположение) Дата на вписване в системата Местоположение - отдел Цена в лева Инвентарен номер Систематично азбучна сигнатура Баркод Цена в евро Служебен тип на артикула
  Не е изгубен Universal Decimal Classification Не е повреден само за читалня ползва се в читалня 918086 Регионална библиотека "Любен Каравелов" Русе Регионална библиотека "Любен Каравелов" Русе Хранилище 2022-12-12 Хранилище 1.02 290220 Цб 100006 120000290220 0.52 Книги
Vip Innovations Ltd, Rousse, Bulgaria 2025